<?xml version="1.0" encoding="UTF-8"?>
<record
    xmlns:xsi="http://www.w3.org/2001/XMLSchema-instance"
    xsi:schemaLocation="http://www.loc.gov/MARC21/slim http://www.loc.gov/standards/marcxml/schema/MARC21slim.xsd"
    xmlns="http://www.loc.gov/MARC21/slim">

  <leader>02513nam a2200505 i 4500</leader>
  <controlfield tag="001">5230461</controlfield>
  <controlfield tag="003">CZ PrSKC</controlfield>
  <controlfield tag="005">20260422105447.0</controlfield>
  <controlfield tag="007">ta</controlfield>
  <controlfield tag="008">260414s2026    xr     g      000 f cze  </controlfield>
  <datafield tag="015" ind1=" " ind2=" ">
    <subfield code="a">cnb003743895</subfield>
  </datafield>
  <datafield tag="020" ind1=" " ind2=" ">
    <subfield code="a">978-80-249-5879-8</subfield>
    <subfield code="q">(bro&#x17E;ov&#xE1;no)</subfield>
  </datafield>
  <datafield tag="040" ind1=" " ind2=" ">
    <subfield code="a">ABG001</subfield>
    <subfield code="b">cze</subfield>
    <subfield code="e">rda</subfield>
  </datafield>
  <datafield tag="041" ind1="1" ind2=" ">
    <subfield code="a">cze</subfield>
    <subfield code="h">eng</subfield>
  </datafield>
  <datafield tag="072" ind1=" " ind2="7">
    <subfield code="a">821.111(73)-3</subfield>
    <subfield code="x">Americk&#xE1; pr&#xF3;za</subfield>
    <subfield code="2">Konspekt</subfield>
    <subfield code="9">25</subfield>
  </datafield>
  <datafield tag="080" ind1=" " ind2=" ">
    <subfield code="a">821.111(73)-31</subfield>
    <subfield code="2">MRF</subfield>
  </datafield>
  <datafield tag="080" ind1=" " ind2=" ">
    <subfield code="a">(0:82-312.4)</subfield>
    <subfield code="2">MRF</subfield>
  </datafield>
  <datafield tag="080" ind1=" " ind2=" ">
    <subfield code="a">(0:82-312.5)</subfield>
    <subfield code="2">MRF</subfield>
  </datafield>
  <datafield tag="100" ind1="1" ind2=" ">
    <subfield code="a">Cowles, Catherine</subfield>
    <subfield code="7">xx0344123</subfield>
    <subfield code="4">aut</subfield>
    <subfield code="9">20696</subfield>
  </datafield>
  <datafield tag="240" ind1="1" ind2="0">
    <subfield code="a">All the missing pieces.</subfield>
    <subfield code="l">&#x10C;esky</subfield>
  </datafield>
  <datafield tag="245" ind1="1" ind2="0">
    <subfield code="a">Posledn&#xED; st&#x159;&#xED;pek /</subfield>
    <subfield code="c">Catherine Cowles ; p&#x159;elo&#x17E;ila Zuzana Hane&#x161;kov&#xE1;</subfield>
  </datafield>
  <datafield tag="250" ind1=" " ind2=" ">
    <subfield code="a">Vyd&#xE1;n&#xED; prvn&#xED;</subfield>
  </datafield>
  <datafield tag="264" ind1=" " ind2="1">
    <subfield code="a">Praha :</subfield>
    <subfield code="b">Ikar,</subfield>
    <subfield code="c">2026</subfield>
  </datafield>
  <datafield tag="300" ind1=" " ind2=" ">
    <subfield code="a">391 stran ;</subfield>
    <subfield code="c">20 cm</subfield>
  </datafield>
  <datafield tag="336" ind1=" " ind2=" ">
    <subfield code="a">text</subfield>
    <subfield code="b">txt</subfield>
    <subfield code="2">rdacontent</subfield>
  </datafield>
  <datafield tag="337" ind1=" " ind2=" ">
    <subfield code="a">bez m&#xE9;dia</subfield>
    <subfield code="b">n</subfield>
    <subfield code="2">rdamedia</subfield>
  </datafield>
  <datafield tag="338" ind1=" " ind2=" ">
    <subfield code="a">svazek</subfield>
    <subfield code="b">nc</subfield>
    <subfield code="2">rdacarrier</subfield>
  </datafield>
  <datafield tag="500" ind1=" " ind2=" ">
    <subfield code="a">P&#x159;elo&#x17E;eno z angli&#x10D;tiny</subfield>
  </datafield>
  <datafield tag="520" ind1="2" ind2=" ">
    <subfield code="a">P&#x159;i zkoum&#xE1;n&#xED; nevy&#x159;e&#x161;en&#xFD;ch p&#x159;&#xED;pad&#x16F; pro sv&#x16F;j podcast naraz&#xED; hlavn&#xED; hrdinky nejen na nov&#xE9; stopy zlo&#x10D;in&#x16F;, ale i na pohledn&#xE9;ho &#x161;erifa. Rom&#xE1;n americk&#xE9; autorky kombinuje prvky true crime a romantiky.</subfield>
    <subfield code="b">Ridley Sawyerov&#xE1; dob&#x159;e v&#xED;, jak&#xE9; je to p&#x159;ij&#xED;t o kus sebe sam&#xE9; - kdysi toti&#x17E; beze stopy zmizelo jej&#xED; dvoj&#x10D;e. Te&#x10F; cestuje po USA, ve sv&#xE9;m podcastu zkoum&#xE1; nevy&#x159;e&#x161;en&#xE9; p&#x159;&#xED;pady a sna&#x17E;&#xED; se dos&#xE1;hnout spravedlnosti pro ostatn&#xED;, kdy&#x17E; se j&#xED; to nepoda&#x159;ilo u sestry. Pak ji v&#x161;ak jeden p&#x159;&#xED;pad zavede do m&#x11B;ste&#x10D;ka, kde d&#x11B;l&#xE1; &#x161;erifa Colter Brooks. A ten rozhodn&#x11B; nechce, aby mu tam n&#x11B;jak&#xE1; podcasterka d&#x11B;lala probl&#xE9;my. Jen&#x17E;e krom&#x11B; neshod se mezi nimi objevuje i ne&#x10D;ekan&#xE1; p&#x159;ita&#x17E;livost. A jakmile se ve vy&#x161;et&#x159;ov&#xE1;n&#xED; objev&#xED; nov&#xE9; skute&#x10D;nosti, za&#x10D;nou se spole&#x10D;n&#x11B; p&#x159;ibli&#x17E;ovat k pravd&#x11B;. Ale ka&#x17E;d&#xFD; jejich krok vp&#x159;ed m&#x16F;&#x17E;e b&#xFD;t t&#xED;m posledn&#xED;m... Nakladatelsk&#xE1; anotace.</subfield>
  </datafield>
  <datafield tag="655" ind1=" " ind2="7">
    <subfield code="a">americk&#xE9; rom&#xE1;ny</subfield>
    <subfield code="7">fd131796</subfield>
    <subfield code="2">czenas</subfield>
  </datafield>
  <datafield tag="655" ind1=" " ind2="7">
    <subfield code="a">detektivn&#xED; rom&#xE1;ny</subfield>
    <subfield code="7">fd132010</subfield>
    <subfield code="2">czenas</subfield>
  </datafield>
  <datafield tag="655" ind1=" " ind2="7">
    <subfield code="a">milostn&#xE9; rom&#xE1;ny</subfield>
    <subfield code="7">fd132840</subfield>
    <subfield code="2">czenas</subfield>
  </datafield>
  <datafield tag="655" ind1=" " ind2="9">
    <subfield code="a">American fiction</subfield>
    <subfield code="2">eczenas</subfield>
  </datafield>
  <datafield tag="655" ind1=" " ind2="9">
    <subfield code="a">detective novels</subfield>
    <subfield code="2">eczenas</subfield>
  </datafield>
  <datafield tag="655" ind1=" " ind2="9">
    <subfield code="a">love novels</subfield>
    <subfield code="2">eczenas</subfield>
  </datafield>
  <datafield tag="700" ind1="1" ind2=" ">
    <subfield code="a">Hane&#x161;kov&#xE1;, Zuzana</subfield>
    <subfield code="7">jn20020716059</subfield>
    <subfield code="4">trl</subfield>
    <subfield code="9">13831</subfield>
  </datafield>
  <datafield tag="710" ind1="2" ind2=" ">
    <subfield code="a">Ikar (nakladatelstv&#xED;)</subfield>
    <subfield code="7">xx0237091</subfield>
    <subfield code="4">pbl</subfield>
    <subfield code="9">20498</subfield>
  </datafield>
  <datafield tag="900" ind1=" " ind2=" ">
    <subfield code="a">ABG001</subfield>
    <subfield code="b">19</subfield>
  </datafield>
  <datafield tag="928" ind1="9" ind2=" ">
    <subfield code="a">Euromedia Group, a.s. - Ikar</subfield>
  </datafield>
  <datafield tag="952" ind1=" " ind2=" ">
    <subfield code="1">0</subfield>
    <subfield code="2">udc</subfield>
    <subfield code="4">0</subfield>
    <subfield code="0"></subfield>
  </datafield>
  <datafield tag="998" ind1=" " ind2=" ">
    <subfield code="a">010831892</subfield>
  </datafield>
  <datafield tag="910" ind1=" " ind2=" ">
    <subfield code="a">ABG508</subfield>
  </datafield>
  <datafield tag="044" ind1=" " ind2=" ">
    <subfield code="a">xr</subfield>
  </datafield>
  <datafield tag="993" ind1=" " ind2=" ">
    <subfield code="a">312.00</subfield>
    <subfield code="h">449.00</subfield>
    <subfield code="i">Team Business</subfield>
    <subfield code="d">2026-04-22</subfield>
    <subfield code="x">1076113</subfield>
  </datafield>
  <datafield tag="999" ind1=" " ind2=" ">
    <subfield code="c">34208</subfield>
    <subfield code="d">34208</subfield>
  </datafield>
</record>
